Obálka Náhled e-knihy:
PDF Epub
Pro půjčování e-knih musíte být přihlášeni.
Jak si půjčit online?

Katharinina šifra /

Další z detektivních románů, ve kterém se komisař Wisting pouští společně s mladším kolegou do vyšetřování spletitého případu.

Uloženo v:
Série:William Wisting, část 12
Hlavní autor: Horst, Jørn Lier, 1970- (Autor)
Další autoři: Krištůfková, Kateřina, 1974- (Autor)
Médium: E-kniha
Jazyk:Czech
Vydáno: Praha : Kniha Zlin, 2025
Vydání:Vydání druhé
Témata:
Příbuzné jednotky:Z cyklu:: William Wisting
Tagy:
Žádné tagy
LEADER 02732nam a2200457 i 4500
001 312743
003 CZ PrSKC
005 20260601215728.0
007 ta
008 250604s2025 xr g 000 f cze
015 |a cnb003687691 
020 |a 9788076628649  |q (vázáno) :  |c Kč 449,00 
035 |a (OCoLC)1531363603 
040 |a ABG001  |b cze  |e rda 
041 1 |a cze  |h nor 
072 7 |a 821.11  |x Germánské literatury  |2 Konspekt 
080 |a 821.113.5-31  |2 MRF 
080 |a (0:82-312.4)  |2 MRF 
100 1 |a Horst, Jørn Lier,  |d 1970-  |7 xx0183412  |4 aut 
240 1 0 |a Katharina-koden.  |l Česky 
245 1 0 |a Katharinina šifra /  |c Jørn Lier Horst ; přeložila Kateřina Krištůfková 
250 |a Vydání druhé 
264 1 |a Praha :  |b Kniha Zlin,  |c 2025 
300 |a 371 stran ;  |c 21 cm 
336 |a text  |b txt  |2 rdacontent 
337 |a bez média  |b n  |2 rdamedia 
338 |a svazek  |b nc  |2 rdacarrier 
500 |a Přeloženo z norštiny 
520 2 |a Další z detektivních románů, ve kterém se komisař Wisting pouští společně s mladším kolegou do vyšetřování spletitého případu.  |b William Wisting jako každý rok přijíždí k domu Martina Haugena, odkud před 24 lety beze stopy zmizela Haugenova manželka Katharina. Zůstal po ní jen papírek se záhadnými číslicemi a sbalený kufr. Případ se nikdy nepodařilo vyřešit - Katharina se nenašla, Martin Haugen měl solidní alibi a ani jiné stopy nikam nevedly. Vztah mezi Wistingem a Haugenem se během vyšetřování vyvinul v přátelství, a tak Wisting Haugena v den Katharinina zmizení vždycky navštěvuje. Téhož dne navštíví Wistinga na stanici mladší kolega, kriminalista Adrian Stiller z Kriposu, který má na starosti vyšetřování policejních pomníčků a přichází proto, že případ Kathariny souvisí s jiným podivným zmizením. Nakladatelská anotace. 
655 7 |a norské romány  |7 fd132917  |2 czenas 
655 7 |a detektivní romány  |7 fd132010  |2 czenas 
655 9 |a Norwegian fiction  |2 eczenas 
655 9 |a detective novels  |2 eczenas 
700 1 |a Krištůfková, Kateřina,  |d 1974-  |7 js20030929005  |4 trl 
787 0 8 |i Z cyklu:  |t William Wisting  |g 12 
900 |a ABA001  |b 20 
928 9 |a Albatros Media - Kniha Zlin 
044 |a xr 
910 |a RBIT002 
998 |d 420762  |a https://core.palmknihy.cz/api/books/420762/cover?sxbtwp  |b https://core.palmknihy.cz/api/books/420762/cover/400?sxbtwp  |c https://core.palmknihy.cz/api/books/420762/cover/50?sxbtwp  |e 2029-12-12  |g 376  |i 9788076628649  |j https://core.palmknihy.cz/api/books/420762/preview.epub  |k https://core.palmknihy.cz/api/books/420762/preview.pdf  |l   |q 49  |r 1  |s https://www.palmknihy.cz/kniha/420762  |t ebook  |y 2025  |z 0  |v William Wisting  |w 12 
999 |d 312741